| 000 | 00674nam a2200193 a 4500 | ||
|---|---|---|---|
| 005 | 20231125063704.0 | ||
| 008 | 020903s1995 mx r 000 0 spa d | ||
| 020 | _a9684963017 | ||
| 035 | _aUPN01000118877 | ||
| 049 | _aCG | ||
| 050 | 4 |
_aF1221 T6 _bO7.2 |
|
| 100 | 1 | _aOrtiz Espejel, Benjamín | |
| 245 | 1 | 3 |
_aLa cultura asediada : _bespacio e historia en el trópico veracruzano (el caso del Totonacapan) / _cBenjamín Ortiz Espejel. |
| 260 |
_aMéxico : _bCIESAS : _bInstituto de Ecología, _c1995. |
||
| 300 |
_a117 p. : _bil., cuadros, gráfs., tablas, mapas plegs. |
||
| 650 | 4 |
_aTOTONACOS _918880 |
|
| 650 | 4 |
_aIndígenas de México _zVeracruz _917066 |
|
| 905 | _aLibro | ||
| 999 |
_c91240 _d91240 |
||